000 00302nam a22001337a 4500
008 170922b xxu||||| |||| 00| 0 eng d
020 _a9780742502536
041 _aeng
080 _a902
100 _a45
101 _aARK
245 _aTHE ARCHAEOLOGY EDUCATION HANDBOOK
_cSMARDZ,K
942 _2udc
_cBK
999 _c28918
_d28918